RETHINKING ORGANISATIONAL BEHAVIOUR A PO (Record no. 15395)
[ view plain ]
| 000 -LEADER | |
|---|---|
| fixed length control field | 00381nam a2200145Ia 4500 |
| 008 - FIXED-LENGTH DATA ELEMENTS--GENERAL INFORMATION | |
| fixed length control field | 240624s9999 xx 000 0 und d |
| 041 ## - LANGUAGE CODE | |
| Language code of text/sound track or separate title | eng |
| 082 ## - DEWEY DECIMAL CLASSIFICATION NUMBER | |
| Classification number | 302.35 JAC |
| 100 ## - MAIN ENTRY--PERSONAL NAME | |
| Personal name | JACKSON NORMAN |
| 245 ## - TITLE STATEMENT | |
| Title | RETHINKING ORGANISATIONAL BEHAVIOUR A PO |
| 250 ## - EDITION STATEMENT | |
| Edition statement | (2nd ed.) |
| 260 ## - PUBLICATION, DISTRIBUTION, ETC. | |
| Date of publication, distribution, etc. | 2007 |
| Place of publication, distribution, etc. | England |
| Name of publisher, distributor, etc. | FT Prentice Hall |
| 300 ## - PHYSICAL DESCRIPTION | |
| Extent | xiv, : 390 : p. : cm. ; 24 |
| 365 ## - TRADE PRICE | |
| Currency code | |
| Price amount | 30 |
| Withdrawn status | Lost status | Damaged status | Not for loan | Home library | Current library | Shelving location | Date acquired | Source of acquisition | Cost, normal purchase price | Full call number | Barcode | Date last seen | Copy number | Price effective from | Koha item type |
|---|---|---|---|---|---|---|---|---|---|---|---|---|---|---|---|
| IMTN | IMTN | Rack 6-A | 08/19/2010 | IBH | 60.99 | 302.35 JAC | 15395 | 06/24/2024 | 49.4 | 06/24/2024 | Books |